00310nam a2200121Ia 4500008004100000041000800041082001400049100001600063245003400079260003800113300003000151365000700181240624s9999 xx 000 0 und d aeng a332.1 RAJ aRAJSHEKAR N aBANKING IN THE NEW MILLENNIUM c2004aHyderabadbICFAI University axi, : 200 : p. : cm. ; 23 cRS